000
00281nam a22001337a 4500
008
170908b xxu||||| |||| 00| 0 eng d
020
_a
9781844060115
041
_a
eng
080
_a
91
100
_a
42
101
_a
GJEO
245
_a
ATLAS OF THE SKIES
_c
ATL
942
_2
udc
_c
BK
999
_c
26894
_d
26894